=LDR 00000nam 2200000 4500 =001 INLIS000000000018938 =005 20130612114045 =008 ***********************************Ind** =035 ##$$0010-061300000018938 =041 ##$$a Ind =082 ##$$a 631.81 =090 ##$$a 631.81, Sut p =100 ##$$a Sutejo, Mul Mulyani =245 ##$$a Pupuk dan cara pemupukan, oleh Ir. Mulyani Sutejo, Ir. AG Kartasaputra =260 ##$$a 1990 $b Jakarta =300 ##$$a x, 177 hlm, ilus, 21 cm =650 ##$$a Pupuk =850 ##$$a NBPNMAT =990 ##$$a 21601870/BPAP-NTB/2017